Vampire hunt #7 / Dan Jolley ; illustrated by ... Read More
Available copies
- 1 of 1 copy available at LARL/NWRL Consortium.
Current holds
0 current holds with 1 total copy.
Show Only Available Copies
| Location | Call Number / Copy Notes | Barcode | Shelving Location | Status | Due Date |
|---|---|---|---|---|---|
| Moorhead Public Library | J G JOL (Text) | 33500010072411 | Main | Available | - |
Record details
- ISBN: 9780822588771 (lib. bdg.)
- ISBN: 0822588773 (lib. bdg.)
- ISBN: 9780822588795 (pbk.)
- ISBN: 082258879X (pbk.)
- Physical Description: 111 p. : col. ill. ; 20 cm
- Publisher: Minneapolis, MN : Graphic Universe, c2008.
Content descriptions
| Summary, etc.: | As a castle-dwelling vampire pitted against a ... Read More |
Search for related items by subject
| Subject: | Vampires > Comic books, strips, etc. Vampires > Fiction. Plot-your-own stories. Cartoons and comics. |
| Genre: | Plot-your-own stories. Graphic novels. |
Search for related items by series
| LDR | 01604cam a22004094a 4500 | ||
|---|---|---|---|
| 001 | 105473 | ||
| 003 | LARL_NWRL_CONSORTIUM | ||
| 005 | 20090617132618.0 | ||
| 008 | 071031s2008 mnua c 000 1 eng | ||
| 020 | . | ‡a9780822588771 (lib. bdg.) | |
| 020 | . | ‡a0822588773 (lib. bdg.) | |
| 020 | . | ‡a9780822588795 (pbk.) | |
| 020 | . | ‡a082258879X (pbk.) | |
| 035 | . | ‡a(OCoLC)180204861 | |
| 042 | . | ‡alcac | |
| 082 | 0 | 4. | ‡a741.5/973 ‡222 |
| 082 | 1 | 4. | ‡a[Fic] ‡222 |
| 100 | 1 | . | ‡aJolley, Dan. ‡0(LARL_NWRL_CONSORTIUM)202004 |
| 245 | 1 | 0. | ‡aVampire hunt ‡n#7 / ‡cDan Jolley ; illustrated by Gregory Titus ; [coloring by Hi-Fi Design ; lettering by Marshall Dillon]. |
| 260 | . | ‡aMinneapolis, MN : ‡bGraphic Universe, ‡cc2008. | |
| 300 | . | ‡a111 p. : ‡bcol. ill. ; ‡c20 cm | |
| 490 | 0 | . | ‡aTwisted journeys ; ‡v7 |
| 520 | . | ‡aAs a castle-dwelling vampire pitted against a visiting group of vampire hunters, the reader makes choices to determine the outcome of the story. | |
| 650 | 0. | ‡aVampires ‡vComic books, strips, etc. | |
| 655 | 0. | ‡aPlot-your-own stories. | |
| 650 | 1. | ‡aVampires ‡vFiction. ‡0(LARL_NWRL_CONSORTIUM)167805 | |
| 650 | 1. | ‡aPlot-your-own stories. ‡0(LARL_NWRL_CONSORTIUM)28356 | |
| 650 | 1. | ‡aCartoons and comics. ‡0(LARL_NWRL_CONSORTIUM)175912 | |
| 655 | 0. | ‡aGraphic novels. | |
| 700 | 1 | . | ‡aTitus, Gregory. ‡0(LARL_NWRL_CONSORTIUM)198274 |
| 901 | . | ‡a105473 ‡bOCLC ‡c105473 ‡tbiblio | |

Add to basket
Permalink
Disable Highlighting